| 000 | 00362nam a2200157Ia 4500 | ||
|---|---|---|---|
| 100 | _aKaduskar/R.G/ Baru/V.B | ||
| 650 | _aElectronic Product design | ||
| 942 | _cBK | ||
| 366 | _f25 | ||
| 654 | _aproduct design | ||
| 245 | _aElectronic Product Design | ||
| 260 |
_bWiley India _c2010 |
||
| 082 |
_a621.38132 _bKAD |
||
| 300 | _a394 | ||
| 546 |
_aENGLISH _cTTL |
||
| 999 |
_c24111 _d24111 |
||